El cambio climático global /

Guardado en:
Autor Principal: Barros, Vicente R.
Formato: Libro
Idioma:Spanish
Publicado: Buenos Aires : Libros del Zorzal, 2005.
Edición:2a ed.
Etiquetas: Agregar Etiqueta
Sin Etiquetas, Sea el primero en etiquetar este registro!
LEADER 00947nam a22001695a 4500
001 EEA.libagro010448
005 20181011083315.0
008 150804s2005####ag#a##########000#0#spa#d
020 |a 987108188X 
082 0 4 |a 574.54 
100 1 |a Barros, Vicente R. 
245 1 0 |a El cambio climático global /  |c Vicente Barros. 
250 |a 2a ed. 
260 |a Buenos Aires :  |b Libros del Zorzal,  |c 2005. 
300 |a 175 p. :  |b il. ;  |c 20 cm. 
505 0 |a 1. Introducción al Cambio Climático -- 2. El sistema climático -- 3. Causas de la variabilidad climática -- 4. Gases de efecto invernadero y aerosoles -- 5. La variabilidad climática en el pasado -- 6. El Cambio Climático durante el período industrial -- 7. El Cambio Climático en el siglo XXI -- 8. Tecnología y Cambio Climático -- 9. Los intereses sectoriales, ideológicos y nacionales -- 10. Las respuestas institucionales -- 11. Conclusiones. 
859 |a AR-BbBCA  |b BIB. AGRONOMIA  |h 574.54  |i B277  |p 2015/6556